PHOSPHATE in soils interaction with micronutrients, radionuclides and heavy metals

保存先:
書誌詳細
フォーマット: 図書
言語:英語
出版事項: CRC Press 2015.
タグ: タグ追加
タグなし, このレコードへの初めてのタグを付けませんか!

MARC

LEADER 00000nam a22000007a 4500
008 201221b ||||| |||| 00| 0 eng d
020 |a ISBN: 978-1-4822-3679-8 
245 |a PHOSPHATE in soils  |b interaction with micronutrients, radionuclides and heavy metals  |c edited by H. Magdi Selim  |g  xv, 365p.; ill 
260 |b  CRC Press  |c 2015.  |h Boca Raton,   |i 689925   |l S592.6 .P56  |m Soils – Phosphorus content.  |m Phosphates.  |m Plant – Soil relationships 
500 |a “It includes references and index” 
942 |a lcc  |c BK  |e Olagoke ,M.A  |f 21/12/2020 
952 |0 0  |1 0  |2 lcc  |4 0  |6 S05926 P56  |7 0  |9 996  |a HOL  |b HOL  |c QZ  |d 2020-12-21  |l 0  |o S592.6 .P56  |p 2020-230220  |r 2020-12-21 00:00:00  |w 2020-12-21  |y BK 
999 |c 513  |d 513